MARC

LEADER 00000nam0a2200000 4500
001 323415
005 20231102003552.0
035 |a (RuTPU)RU\TPU\book\349000 
090 |a 323415 
100 |a 20161018d1955 m y0rusy50 ca 
101 0 |a rus 
102 |a RU 
105 |a a z 000zy 
200 1 |a Аэродинамика в природе и технике  |f В. П. Казневский 
210 |a Москва  |c Учпедгиз  |d 1955 
215 |a 127 с.  |c ил. 
225 1 |a Библиотека школьника 
606 1 |a Аэродинамика  |2 stltpush  |3 (RuTPU)RU\TPU\subj\29869  |9 53103 
610 1 |a природа 
610 1 |a техника 
610 1 |a движение 
610 1 |a подъемная сила 
610 1 |a аэродинамические силы 
610 1 |a аэродинамические трубы 
610 1 |a самолеты 
610 1 |a вертолеты 
610 1 |a парашюты 
610 1 |a ракетная техника 
610 1 |a ветряные двигатели 
610 1 |a полеты 
610 1 |a птицы 
610 1 |a насекомые 
675 |a 533.6  |v 4 
700 1 |a Казневский  |b В. П.  |g Виктор Павлович 
801 1 |a RU  |b 63413507  |c 20161018 
801 2 |a RU  |b 63413507  |c 20200319  |g RCR 
942 |c BK